000 00631nam a2200241Ia 4500
003 OSt
005 20221006145535.0
006 a|||||r|||| 00| 0
007 ta
008 221006b |||||||| |||| 00| 0 eng d
020 _c9033.00
024 _a15,210
037 _cTextual
040 _aEASL
_cEASL
_beng
041 _2eng
_aeng
082 _aP(12)41, J8
100 _aWANG Fang Yo
_9654675
245 0 _aIndroduction to Chinese
260 _aNew Havan
_b Institute of Far Eastern languages
_c1958
300 _a240p.
_ccm.
942 _hP(12)41, J8
_cTEXL
_2CC
999 _c1083296
_d1083296